Normal view
MARC view
- Goussous, Nayef G,Al Zuod, Hassan A,Naghawy, Ayda M
Entry Personal Name
001 - CONTROL NUMBER
- control field: 3514
003 - CONTROL NUMBER IDENTIFIER
- control field: JO-AjAnu
005 - DATE AND TIME OF LATEST TRANSACTION
- control field: 20230606070859.0
008 - FIXED-LENGTH DATA ELEMENTS
- fixed length control field: 230606|| aca||aabn | a|a d
040 ## - CATALOGING SOURCE
- Original cataloging agency: JO-AjAnu
- Transcribing agency: JO-AjAnu
100 ## - HEADING--PERSONAL NAME
- Personal name: Goussous, Nayef G,Al Zuod, Hassan A,Naghawy, Ayda M
670 ## - SOURCE DATA FOUND
- Source citation: Work cat.: (JO-AjAnu)1833: Goussous, Nayef G,Al Zuod, Hassan A,Naghawy, Ayda M, author, Inedited and rare ancient, classical and Byzantine coins